| 000 | 00975nam a2200289 a 4500 | ||
|---|---|---|---|
| 001 | 35123 | ||
| 003 | BD-RjUL | ||
| 005 | 20211209052250.0 | ||
| 008 | 140521s1995 ii a b 001 0 eng | ||
| 020 | _a8124103119 | ||
| 035 | _a(BD-RjUL)35217 | ||
| 040 |
_aDLC _cDLC _beng _dBD-RjUL |
||
| 041 | _aeng | ||
| 082 | 0 | 4 |
_221 _a307.14120954 _bKUR 1995 |
| 100 | 1 |
_aKumar, Shashi. _9106949 |
|
| 245 | 1 | 0 |
_aRural women : _ba system approach for income generation / _cShashi Kumar. |
| 260 |
_aNew Delhi : _bHar-Anand Publications, _cc1995. |
||
| 300 |
_a164 p. : _bill. ; _c22 cm. |
||
| 504 | _aIncludes bibliographical references (p. [157]-159) and index. | ||
| 650 | 0 |
_aRural development _zIndia _xCase studies. _9106950 |
|
| 650 | 0 |
_aWomen farmers _zIndia _xCase studies. _9106951 |
|
| 650 | 0 |
_aMushroom culture _zIndia _xCase studies. _9106952 |
|
| 650 | 0 |
_aFloriculture _zIndia _xCase studies. _9106953 |
|
| 942 |
_2ddc _cBK |
||
| 999 |
_c35123 _d35123 |
||